[Event "EU-ch 8th"]
[Site "Dresden"]
[Date "2007.04.11"]
[Round "8"]
[White "Postny, Evgeny"]
[Black "Romanishin, Oleg M"]
[Result "1/2-1/2"]
[WhiteElo "2622"]
[BlackElo "2542"]
[Annotator "Postny,E"]
[PlyCount "68"]
[EventDate "2007.04.03"]
[EventType "swiss"]
[EventRounds "11"]
[EventCountry "GER"]
[SourceTitle "CBM 118"]
[Source "ChessBase"]
[SourceDate "2007.05.31"]
[SourceVersion "1"]
[SourceVersionDate "2007.05.31"]
[SourceQuality "1"]

1. e4 e5 2. Nf3 Nc6 3. Bc4 Nf6 4. Ng5 d5 5. exd5 Na5 6. Bb5+ c6 7. dxc6 bxc6 8.
Be2 h6 9. Nh3 {The history of this move goes back to the encounters between
Steinitz and Chigorin! In our time the move is employed by Short and some
other well-known grandmasters. White is not really afraid of the exchange on
h3. The light-squared bishop is an important piece in Black's army.} (9. Nf3 e4
10. Ne5 {is the main line.}) 9... Be7 (9... Bd6 10. d3 O-O 11. Nc3 Nd5 (11...
Rb8 12. Bf3 Qc7 13. Ng1 c5 14. Nge2 c4 15. Ng3 Rd8 16. O-O Bf8 17. Qe2 cxd3 18.
cxd3 Ba6 19. Rd1 Nc6 20. Bxc6 Qxc6 21. Qxe5 Bd6 22. Qe2 Re8 23. Be3 Bb7 24.
Nge4 $16 {1-0 Short,N (2675)-Mitkov,N (2509)/Batumi 1999/CBM 074 (56)}) 12. Bd2
Rb8 13. b3 Nb7 14. Ng1 Nc5 15. Nf3 Nxc3 16. Bxc3 e4 17. Nd2 exd3 18. cxd3 Bf5
19. Nc4 Re8 20. O-O Nxd3 21. Ba5 Qd7 22. Bxd3 Bxd3 23. Nxd6 Qxd6 24. Bc7 Qxc7
25. Qxd3 {1/2-1/2 Ivanchuk,V (2740)-Beliavsky,A (2690)/Dortmund 1998/CBM 066})
10. d3 O-O 11. Nc3 Rb8 12. O-O c5 $1 {Romanishin improves on his own play. He
is intending to bring his misplaced knight into the centre.} (12... Rb4 13. Kh1
Bxh3 14. gxh3 Rh4 15. Rg1 Rxh3 16. Qf1 Rh4 17. Qg2 g6 18. Be3 Nd5 19. Nxd5 cxd5
20. f4 $1 $16 {1/2-1/2 Sermek,D (2590)-Romanishin,O (2562)/Solin/Spilt 2002/
CBM 093 (81)}) 13. Kh1 Nc6 14. Ng1 {I decided to go for a slow plan of
transferring the knight to better pastures. I considered 14.f4 as too risky.} (
14. f4 Bxh3 15. gxh3 exf4 16. Rxf4 Bd6 17. Rf2 Nd4 {Black seems to have good
compensation.}) 14... Nd4 15. Nf3 Qc7 {Black has sufficient compensation for
the pawn. The position seems to be approximately balanced.} 16. Nd2 Bb7 17. Re1
Rbd8 18. Bf1 Rfe8 (18... c4 $6 {The idea of immediately breaking through the
centre does not work, but White has to be careful.} 19. Nxc4 e4 20. Nxe4 (20.
Be3 $2 {loses to a beautiful idea which was showed to me by Oleg Romanishin in
the post-mortem analysis:} exd3 21. cxd3 Nf3 $3 22. gxf3 Ng4 {[%csl Rh2] with
inevitable mate.}) 20... Bxe4 (20... Nxe4 21. dxe4 Nb3 22. Qxd8 Rxd8 23. axb3
$16) 21. dxe4 Nb3 22. Bd2 (22. Qxd8 $2 Rxd8 23. axb3 Ng4 $17) 22... Nxd2 23.
Nxd2 Qf4 24. Re2 Ng4 25. g3 Nxf2+ 26. Kg2 Nxd1 27. gxf4 Nxb2 28. e5 $16) 19.
Nce4 Nd5 20. Ng3 (20. Nc4 Nf5 {followed by Nf5-h4. I wanted to prevent this
manoeuvre.}) 20... Nf4 (20... Nb4 $2 21. c3 Ndc2 22. cxb4 Nxa1 23. Nc4 {
[%csl Ra1] is clearly bad for Black.}) 21. c3 Nde6 22. Nc4 Ng6 ({The move} 
22... Rxd3 $2 {does not work:} 23. Bxd3 Rd8 (23... Bxg2+ 24. Kg1 Ng5 25. Bxf4
$18) 24. Bxf4 Nxf4 25. Bh7+ Kxh7 26. Qc2+ Kg8 27. f3 $18) (22... Bxg2+ $2 23.
Bxg2 Nxd3 24. Be3 Nxf2+ 25. Bxf2 Rxd1 26. Raxd1 {White has too much material
for the queen.}) 23. Nf5 Bg5 $1 {I underestimated this move. After the
exchange of dark-squared bishops, Black's knight will occupy the dominant
outpost on f4.} (23... e4 $2 24. Qg4 exd3 25. Rxe6 $1 fxe6 26. Nxh6+ {and
White is on top.}) 24. Qg4 $2 {After this optimistic move I got into serious
trouble.} ({It was much better to complete the development by:} 24. Qc2 Bxc1
25. Raxc1 Nef4 26. Rcd1 {Of course, Black has reasonable compensation, but
hardly more than that.}) 24... Bxc1 25. Raxc1 Nef4 26. Rcd1 Bc8 {The pin along
the diagonal c8-h3 is extremely unpleasant.} 27. Nce3 Qb6 $1 {Somehow, I
overlooked this simple move. The threat 28...Qf6 is very strong, the pin along
the diagonal c8-h3 can cost me a whole knight.} 28. Qf3 $1 {The only
reasonable way is to give back the pawn and run away out of pin.} Qxb2 29. Nc4
Qb8 (29... Qxc3 {was risky, but White has nothing concrete.} 30. Nfd6 (30. Rc1
e4 $1 {During the game both opponents missed this move.} 31. dxe4 Qxf3 32. gxf3
Bxf5 33. exf5 Rxe1 34. Rxe1 Nh4 35. Re4 Rd4 $17) 30... Re7 31. g3 Ne6 32. Rc1
Qb4 33. Nxc8 Rxc8 34. Bg2 {and now White is the side that seeks for
compensation...}) 30. Rb1 Qc7 31. Nfe3 Nh4 32. Qg3 Nhg6 33. Qf3 Nh4 34. Qg3
Nhg6 {I estimated my position as a bit worse, so I was satisfied with the
repetition of moves.} 1/2-1/2

[Event "ISR-ch op"]
[Site "Tel Aviv"]
[Date "2001.04.16"]
[Round "8"]
[White "Sutovsky, Emil"]
[Black "Postny, Evgeny"]
[Result "0-1"]
[WhiteElo "2604"]
[BlackElo "2432"]
[Annotator "Postny,E"]
[PlyCount "60"]
[EventDate "2001.04.09"]
[EventType "swiss"]
[EventRounds "9"]
[EventCountry "ISR"]
[SourceTitle "CBM 082"]
[Source "ChessBase"]
[SourceDate "2001.05.17"]
[SourceVersion "1"]
[SourceVersionDate "2001.05.17"]
[SourceQuality "1"]

{[%mdl 8192]} 1. e4 e5 2. Nf3 Nc6 3. Bc4 Nf6 4. Ng5 d5 5. exd5 Na5 6. Bb5+ c6
7. dxc6 bxc6 8. Be2 h6 9. Nf3 ({Interesting alternative is} 9. Nh3) 9... e4 10.
Ne5 Bc5 {I believe, that this rare move could be a deserving alternative for
usual 10...Bd6 or 10...Qc7.} 11. c3 {[%cal Gb2b4]} Qc7 12. d4 ({Worse is:} 12.
b4 $6 Qxe5 13. bxc5 O-O $32 {[%csl Ya1,Yb1,Yc1,Rc5,Ge4]}) 12... exd3 13. Nxd3
Bd6 {For the sacrificed pawn black has development advantage.} 14. Nd2 Bf5 $1
$44 {[%csl Rd3]} (14... Be6 $146 15. b4 Nb7 16. c4 c5 $6 (16... a5) 17. bxc5
Nxc5 18. Nxc5 Qxc5 19. Nb3 Qe5 20. c5 $1 Bc7 $2 (20... Be7) 21. f4 Qe4 22. O-O
Rd8 23. Bb5+ Ke7 24. Qe1 $18 {Sutovsky,E-Postny,E/2001/Israel league}) 15. b4 (
{After} 15. Nf3 Rd8 16. O-O O-O {[%csl Rd3][%cal Gc6c5,Gc5c4,Gf8e8] black has
dangerous initiative.}) 15... Nb7 16. Nc4 Rd8 {[%csl Rd1,Rd3,Gd8]} 17. Be3 ({
Deserving attention} 17. Nxd6+ Qxd6 (17... Nxd6 18. Bf4 Nd5 19. Qd2 $14) 18.
Nb2 $5) 17... O-O {[%mdl 512]} 18. Bxa7 $146 (18. Bd4 Rfe8 19. Ne3 Be4 20. h3
Nh7 {1/2-1/2 Gdanski,J-Sepp,O/Vantaa 1994/EXT 2000 (20)}) 18... Nd5 19. Bd4 (
19. Nxd6 Nxd6 20. Bd4 Nb5 21. Rc1 Bxd3 22. Bxd3 Rfe8+ 23. Kf1 Nxb4 24. cxb4
Rxd4 $17 {[%csl Yh1]}) 19... Rfe8 20. Nxd6 ({Too optimistic is:} 20. O-O $2
Bxh2+ 21. Kh1 Re4 $40) 20... Nxd6 21. O-O Nb5 22. Rc1 (22. Qd2 $143 Ndxc3 (
22... Rxe2 $6 23. Qxe2 Bxd3 24. Qxd3 Ndxc3 25. Rfe1 Qd6 26. Qxc3 $1 Nxc3 27.
Bxc3 $14 {[%csl Ga2][%cal Ga2a4] White has more than sufficient compensation
for the queen.}) 23. Bxc3 Nxc3 24. Qxc3 Rxe2 $44) 22... Nbxc3 $1 ({The other
alternatives are much worse:} 22... Nxd4 $6 23. cxd4 Bxd3 24. Bxd3 Nxb4 25. Bb1
$16) (22... Ndxc3 $2 23. Bxc3 Rxe2 24. Qxe2 Bxd3 25. Qe5 $18) (22... Rxe2 $2
23. Qxe2 Ndxc3 24. Bxc3 Bxd3 25. Qe5 $18 {just like in the previous variantion.
}) 23. Rxc3 $4 {[%mdl 8192] -+} (23. Bxc3 Nf4 24. Nxf4 {The best practical
solution.} (24. Re1 Bxd3 25. Bf3 (25. Bxd3 Rxe1+ 26. Bxe1 Nxd3 27. Rc2 Nxb4 28.
Rd2 Nd5 $15 {[%csl Gd5,Ye1]}) 25... Be2 26. Qc2 Bxf3 27. gxf3 {This position
looks unattractive for white, however the following variations confirm, that
white keeps the position:} Qd7 (27... c5 $6 {[%csl Gc6][%cal Yc7c6]} 28. b5 (
28. Bb2 Qc6 {[%csl Rf3]} 29. Re3 Rd3 $3 30. Rxe8+ Kh7 $19 {[%csl Rg1][%cal
Rc6g6]}) 28... Qd7 {[%cal Gd7h3,Yd7b5]} 29. Re4 Nh3+ 30. Kg2 Ng5 31. Rg4 Qxb5
32. Bxg7 $1 Kxg7 33. h4 $14) 28. Re4 $8 Rxe4 (28... g5 29. Rxf4 gxf4 30. Kh1
$44) (28... Nh3+ 29. Kg2 Ng5 30. Rg4 Qd5 31. Rg3 $14) 29. Qxe4 g5 30. Qe5 f6
31. Qxf6 Qd1+ 32. Be1 Ne2+ 33. Kg2 Nxc1 34. Qg6+ {with perpetual check.}) 24...
Rxd1 25. Rfxd1 Qxf4 26. Bf3 $11) 23... Nxc3 24. Bxc3 Rxe2 $1 25. Qxe2 Bxd3 26.
Qg4 {[%csl Rg7]} f5 {[%csl Yg7][%cal Yc7g7] This move was overlooked by my
opponent. Black winning the exchange and the game.} 27. Qh4 Bxf1 28. Kxf1 Qd7
29. f3 Qd3+ 30. Kf2 Ra8 0-1

[Event "Bayern-chI Bank Hofmann 4th"]
[Site "Bad Wiessee"]
[Date "2000.11.05"]
[Round "9"]
[White "Kritz, Leonid"]
[Black "Rozentalis, Eduardas"]
[Result "0-1"]
[WhiteElo "2424"]
[BlackElo "2570"]
[Annotator "Rozentalis,E"]
[PlyCount "62"]
[EventDate "2000.10.28"]
[EventType "swiss"]
[EventRounds "9"]
[EventCountry "GER"]
[SourceTitle "EXT 2003"]
[Source "ChessBase"]
[SourceDate "2002.11.25"]
[SourceVersion "1"]
[SourceVersionDate "2002.11.25"]
[SourceQuality "1"]

1. e4 e5 2. Nf3 Nc6 3. Bc4 Nf6 4. Ng5 d5 5. exd5 Na5 6. Bb5+ c6 7. dxc6 bxc6 8.
Be2 h6 9. Nf3 e4 10. Ne5 Qd4 11. Ng4 (11. f4 {is played more often, though
white can loose an opportunity to castle}) 11... Bxg4 12. Bxg4 Bd6 $146 ({
preventing white from short castle. Before it was played} 12... Bc5 13. O-O e3)
({or immediate} 12... e3 {, but white was able to defend his king and keep
advantage.}) 13. Be2 O-O 14. d3 exd3 15. Qxd3 Qe5 {[ critical position: for
the sacrifised pawn black  has better development and threaten to use opened
lines for his rooks to attack white king and queen, because short castle is
not possible now.]} 16. f4 {[ gives a possibility to castle immediately, but
weakens the king side and center ]} Qe7 17. O-O Rfe8 $1 ({prevents from queen
going to f3:} 17... Bc5+ 18. Kh1 Ne4 19. Qf3 Rfe8 20. Be3 $1 (20. Bd3 $2 Nf2+
21. Rxf2 Bxf2 22. Qxf2 Qe1+ 23. Qf1 Qxf1+ 24. Bxf1 Re1 25. Nd2 Nc4)) 18. Nc3 $2
({decisive mistake, there was a draw after} 18. Bf3 $1 Rad8 19. Qa6 Bc5+ 20.
Kh1 Ne4 21. Bxe4 Qxe4 22. Qxa5 Qe2 23. Nd2 Be3 $11) 18... Bb4 19. Qf3 ({
now black wins in case of} 19. Bf3 Qc5+ 20. Kh1 Rad8 21. Qa6 Bxc3 22. bxc3 Ne4
23. Bxe4 Rxe4 24. Rb1 Nc4 $19) 19... Bxc3 20. Qxc3 Qxe2 21. Qxa5 Rad8 {[ full
domination of black pieces, white is hopeless ]} 22. Qa3 (22. Qc3 Qxf1+ 23.
Kxf1 Rd1+ 24. Kf2 Ne4+) 22... Rd1 23. Qf3 Rxf1+ 24. Qxf1 Qxc2 25. h3 Nh5 26.
Kh2 (26. Qf3 Re1+ 27. Kh2 Qc5) 26... Re2 27. Qf3 Rf2 28. Qg4 Nf6 29. Qg3 Rf1
30. Qc3 Qd1 31. Qe3 Nh5 0-1

[Event "Maastricht Complete Chess m"]
[Site "Maastricht"]
[Date "2008.03.05"]
[Round "3"]
[White "L'Ami, Erwin"]
[Black "Stellwagen, Daniel"]
[Result "1/2-1/2"]
[WhiteElo "2577"]
[BlackElo "2639"]
[Annotator "Van Reek,J"]
[PlyCount "105"]
[EventDate "2008.03.03"]
[EventType "match"]
[EventRounds "4"]
[EventCountry "NED"]
[SourceTitle "CBM 123"]
[Source "ChessBase"]
[SourceDate "2008.04.02"]
[SourceVersion "1"]
[SourceVersionDate "2008.04.02"]
[SourceQuality "1"]

1. e4 e5 2. Nf3 Nc6 3. Bc4 Nf6 4. Ng5 {This time they have to play a
"beginner's move", according to Tarrasch.} d5 {Black gives the classical
answer.} 5. exd5 Na5 6. Bb5+ c6 7. dxc6 bxc6 8. Be2 h6 9. Nf3 e4 10. Ne5 Bc5 {
Daniel has active piece play for a pawn.} 11. c3 Bd6 {Black has provoked c3.}
12. d4 exd3 13. Nxd3 O-O 14. O-O Re8 $5 ({The alternative is} 14... Qc7 {
(Usino - Everett, Ann Arbor 1983).}) 15. b4 Nc4 16. Nc5 Ne5 17. Nd2 Nd5 18.
Nce4 Bc7 19. Re1 Bf5 $1 20. g3 $6 a5 $1 21. bxa5 $6 {White weakens his pawn
structure on two places.} Bxa5 {Black takes the initiative on both flanks.} 22.
Bb2 Rb8 23. Qc1 (23. Rb1 $4 Rxb2 24. Rxb2 Nxc3 25. Nxc3 Bxc3 {leads to a
collapse of the white position.}) 23... Nf6 $1 (23... Rxb2 $6 24. Qxb2 Bxe4 25.
Nxe4 f5 26. Nd2 Bxc3 {equalises.}) 24. Nxf6+ Qxf6 25. Nb3 Bd3 $1 {Now Daniel
goes forwards in the centre.} 26. Qf4 Qxf4 27. gxf4 Bxe2 28. Rxe2 Nf3+ 29. Kf1
Nxh2+ 30. Ke1 Nf3+ 31. Kf1 Nh2+ 32. Ke1 Bc7 33. Bc1 h5 34. Nd4 {Erwin tries to
reorganise his defence.} c5 35. Nc6 Rxe2+ 36. Kxe2 Re8+ 37. Be3 $5 (37. Kd3 $5
Re1 $5 {also favours Black.}) 37... Bxf4 38. a4 Ng4 39. a5 Nxe3 40. fxe3 Rxe3+
41. Kf1 Re6 42. a6 Rxc6 43. a7 Rc8 44. a8=Q Rxa8 45. Rxa8+ Kh7 {Daniel has a
bischop and three pawns for a rook.} 46. Rc8 g5 ({Or} 46... Bd6 47. Rd8 $1 {
and Black does not save his c-pawn.}) 47. Rxc5 h4 48. c4 h3 49. Rb5 Kg6 50. c5
{Erwin has sharp centre-play at last.} f5 51. Rb6+ $1 Kf7 ({The pointe is} 
51... Kh5 52. Rf6 Kg4 53. c6 Kf3 54. Kg1 $1) 52. Rb7+ Ke6 53. c6 1/2-1/2